Olivia Rodrigo - Paroles favorite crime - Statistiques

Statistiques générales
  • Ce quiz a été pris 233 fois
    205 depuis la dernière actualisation
  • Le résultat moyen est 190 sur 218
Statistiques - réponses
Hint Réponse % Correct
I
100%
you
98%
Couplet 2 You
98%
crime
97%
favorite
97%
was
97%
your
97%
Outro Your
97%
so
96%
a
95%
that
94%
hope
93%
we
93%
did
92%
Oh,
92%
the
92%
Refrain The
92%
mine
91%
call
90%
do
90%
Just
90%
me
90%
things
90%
'Cause
89%
my
89%
all
88%
Refrain All
88%
could
88%
like
88%
loved
88%
on
88%
with
87%
an
86%
bad
86%
it
86%
to
86%
Couplet 1 Know
85%
know
85%
And
84%
and
84%
smile
84%
treat
84%
Well,
84%
what
84%
but
83%
But
83%
damage
83%
face
83%
let
83%
made
83%
every
82%
think
82%
were
81%
honey
80%
about
79%
broke,
79%
down,
79%
heart
79%
as
78%
doing
78%
again
77%
became
77%
friends
77%
going
77%
hate
77%
Bridge It's
77%
you're
77%
baby,
76%
look
76%
trouble
76%
crossed
75%
line
75%
Yeah,
75%
alibi
74%
used
74%
hands
71%
One
71%
say
71%
time
71%
around
70%
defended
70%
bloody
69%
everything
69%
if
69%
wonder
68%
now,
67%
4
65%
siren
65%
bittersweet
63%
I'd
61%
scene
57%
sounds
57%
accomplice,
56%
watched
55%
willing
47%
fled
45%
buried
42%
Doe
37%
eyed
32%
Aucun quiz correspondant
Distribution des résultats
% des personnes avec chaque résultat
Percentile par nombre de réponses
Votre historique - résultats
Vous n’avez pas pris ce quiz depuis la dernière actualisation